01766nam a2200325 a 4500001001200000003000800012006001900020007001500039008004100054010001700095020002900112020002700141040002100168035002100189050002200210082001700232100002100249245007300270250001200343260005300355300002500408504005100433520059600484533015201080650002301232655002901255710001701284856012601301999001301427ebr10713573CaPaEBRm o u cr cn|||||||||130124s2013 njua sb 001 0 eng d z 2012041250 z9781118478943 (hardback) z9781118574782 (e-book) aCaPaEBRcCaPaEBR a(OCoLC)84649278014aT55b.M353 2013eb04a658.4/082231 aManuele, Fred A.10aOn the practice of safetyh[electronic resource] /cFred A. Manuele. a4th ed. aHoboken, N.J. :bJohn Wiley & Sons, Inc.,c2013. axiii, 598 p. :bill. aIncludes bibliographical references and index. a"On the Practice of Safety continues to be an unparalleled resource on best safety practices. It supplies the reader with the core information that everyone who is in the safety field must know. Each chapter is written in a self contained unit that can be used on its own to cover a topic. The new edition updates all of the chapters from the previous edition while adding new material. Topics in these new chapters include sustainability, lean concepts, management of change/pre-job planning, leading and lagging indicators, and indirect and direct accident costs"--cProvided by publisher. aElectronic reproduction.bPalo Alto, Calif. :cebrary,d2013.nAvailable via World Wide Web.nAccess may be limited to ebrary affiliated libraries. 0aIndustrial safety. 7aElectronic books.2local2 aebrary, Inc.40uhttp://site.ebrary.com/lib/rucke/Doc?id=10713573zAn electronic book accessible through the World Wide Web; click to view c603d603